Statystyki dla Wymień wszystkich piłkarzy powołanych przez Adama Nawałkę

Kliknij tutaj aby rozwiązać quiz!

Ogólne statystyki

  • Ten quiz został rozwiązany 239 razy
  • Średni wynik to 35 z 93

Statystyki odpowiedzi

Lp.PozycjaWystępyKluby w momencie powołania do kadryNazwisko% Poprawnych
9Bramkarz22Arsenal / AS Roma / JuventusSzczęsny
96%
3Bramkarz25Swansea city / West Ham UnitedFabiański
94%
83Napastnik40Borussia Dortmund / Bayern MonachiumLewandowski
92%
19Obrońca38Torino / AS MonacoGlik
84%
84Napastnik35FC Augsburg / AFC Ajax / SSC NapoliMilik
84%
43Pomocnik34Borussia Dortmund / Fiorentina / Wolfsburg / Wisła KrakówBłaszczykowski
83%
51Pomocnik38Sivasspor / Stade Rennais / Hull CityGrosicki
82%
34Obrońca30Jagiellonia Białystok / Legia WarszawaPazdan
82%
57Pomocnik39Stade de Reims / Sevilla / PSG / West Bromwich AlbionKrychowiak
80%
12Obrońca6SouthamptonBednarek
78%
2Bramkarz10Southampton / BournemouthBoruc
78%
35Obrońca31Borussia DortmundPiszczek
77%
80Pomocnik29Empoli FC / SSC NapoliZieliński
76%
24Obrońca27FK Krasnodar / Legia WarszawaJędrzejczyk
75%
8Bramkarz1BolognaSkorupski
73%
13Obrońca10Legia Warszawa / SampdoriaBereszyński
70%
53Pomocnik14Cracovia Kraków / Leicester CityKapustka
69%
60Pomocnik20Lech Poznań / UC SampdoriaLinetty
67%
74Pomocnik27Terek Grozny / Olympique Lyon / Lokomotiw MoskwaRybus
65%
18Obrońca20Modena / US Palermo / SPALCionek
63%
1Bramkarz1Ipswich TownBiałkowski
61%
90Napastnik16Lech Poznań / Dynamo Kijów / RSC AnderlechtTeodorczyk
60%
27Obrońca3Dynamo KijówKędziora
59%
64Pomocnik31Górnik Zabrze / Guizhou Renhe / Wisła KrakówMączyński
57%
49Pomocnik1Jagiellonia Białystok / Chicago FireFrankowski
55%
70Pomocnik17FC Köln / Lechia GdańskPeszko
54%
52Pomocnik7Jagiellonia Białystok / Łudogorec RazgradGóralski
53%
55Pomocnik4PEC Zwolle / FC KaiserslauternKlich
51%
88Napastnik3Ruch Chorzów / FC Nantes / Chievo VeronaStepiński
51%
92Napastnik3Brøndby IFWilczek
51%
26Obrońca2Lech Poznań / VFB StuttgartKamiński
48%
56Pomocnik4UC SampdoriaKownacki
48%
66Pomocnik8Śląsk Wrocław / Lechia GdańskMila
44%
40Obrońca11Legia Warszawa / Amkar Perm / Lechia GdańskWawrzyniak
44%
11Bramkarz1VFB StuttgartTytoń
43%
39Obrońca14Steaua Bukareszt / Al Ittihad / OsmanlısporuSzukała
42%
25Obrońca22Legia WarszawaJodłowiec
41%
14Obrońca0Bayer 04 LeverkusenBoenisch
40%
65Pomocnik1TrabzonsporMierzejewski
40%
79Pomocnik5UC Sampdoria / Hellas Verona / Queens Park RangersWszołek
39%
15Obrońca1Legia WarszawaBroź
38%
46Pomocnik1SL Benfica B / VFL BochumDawidowicz
38%
72Pomocnik1TSG 1899 HoffenheimPolanski
38%
75Pomocnik7Śląsk Wrocław / Club BruggeSobota
37%
87Napastnik2Hannover 96Sobiech
35%
48Pomocnik0Wisła PłockFurman
34%
38Obrońca4Cagliari CalcioSalamon
34%
89Napastnik3Zagłębie Lubin / Łudogorec RazgradŚwierczok
34%
78Pomocnik4ACF Fiorentina / Lechia GdańskWolski
34%
82Napastnik1Wisła KrakówBrożek
33%
76Pomocnik4Ruch Chorzów / Zagłębie LubinStarzyński
33%
67Pomocnik2Werder BremaObraniak
32%
59Pomocnik4Górnik ZabrzeKurzawa
29%
73Pomocnik1Jagiellonia BiałystokRomanczuk
29%
62Pomocnik5Lech PoznańMakuszewski
28%
68Pomocnik13Górnik Zabrze / FC KölnOlkowski
28%
54Pomocnik0Górnik ZabrzeKądzior
24%
17Obrońca1FC VasluiCeleban
23%
58Pomocnik3Legia WarszawaKucharczyk
23%
6Bramkarz1Dolcan ZąbkiLeszczyński
22%
32Obrońca2Zawisza BydgoszczLewczuk
21%
36Obrońca1Legia WarszawaRzeźniczak
21%
23Obrońca0Cracovia Kraków / Chievo WeronaJaroszyński
20%
29Obrońca3Terek GroznyKomorowski
20%
37Obrońca0Ruch Chorzów / Wisła KrakówSadlok
20%
86Napastnik4Pogoń SzczecinRobak
18%
44Pomocnik3Lechia Gdańsk / Legia WarszawaBorysiuk
17%
21Obrońca2Zagłębie LubinJach
17%
50Pomocnik0Jagiellonia Białystok / Lech PoznańGajos
16%
7Bramkarz1Wisła KrakówMiśkiewicz
16%
41Obrońca4GKS BełchatówWilusz
16%
16Obrońca5Legia WarszawaBrzyski
15%
47Pomocnik1Cracovia KrakówDąbrowski
15%
81Pomocnik4Legia WarszawaŻyro
15%
42Obrońca1TSV 1860 MonachiumWojtkowiak
14%
30Obrońca1Górnik ZabrzeKosznik
12%
85Napastnik0Cracovia KrakówNowak
12%
20Obrońca1Pogoń SzczecinGolla
10%
69Pomocnik2Lech PoznańPawłowski
10%
63Pomocnik3Legia WarszawaMasłowski
9%
31Obrońca1Wołga Niżny NowogródKowalczyk
8%
93Napastnik2Górnik ZabrzeZachara
8%
45Pomocnik1VFL BochumĆwielong
7%
22Obrońca0Lechia GdańskJanicki
7%
4Bramkarz0Pogoń SzczecinJanukiewicz
6%
5Bramkarz0Zawisza BydgoszczKaczmarek
6%
28Obrońca1Śląsk Wrocławkokoszka
6%
33Obrońca2Cracovia KrakówMarciniak
6%
10Bramkarz0Piast GliwiceTrela
6%
77Pomocnik0Śląsk WrocławHołota
4%
61Pomocnik2Górnik ZabrzeMadej
4%
71Pomocnik1Jagiellonia BiałystokPlizga
4%
91Napastnik0Jagiellonia BiałystokTuszyński
3%

Rozkład punktacji

Percentyl według liczby udzielonych odpowiedzi

Procent ludzi z każdym wynikiem

Twoja historia wyników

Nie rozwiązałeś tego quizu